00686nam a2200193 i 450000100060000000300090000600500170001500700030003200800410003510000230007624501050009925000530020426000620025730000410031949000350036070000310039583000350042685200310046190161ES-MaACL20231205142502.0t|050119s1945 sp ||||1| spa d1 aLe Danois, Edmond.13aEl Atlántico b: historia y vida de un océano / cEd. Le Danois ; traducción de Xavier Zubiri. a2ª ed. [especualmente autorizada por el autor]. aMadrid : bEspasa-Calpe, c[1945] (fGerónimo J. Pesce) a268 p., 16 lám. : bil. ; c20 cm.1 aNueva ciencia, nueva técnica1 aZubiri, Xavier,d1898-19830 aNueva ciencia, nueva técnica aES-MaACLjD-5877 bR.31510